Country Capitals - Tile Select #2 - Statistics

General Stats
  • This quiz has been taken 150 times
  • The average score is 67 of 80
Answer Stats
Question Tile Select % Correct
Capitals in landlocked countries Bangkok No
100%
Capitals in landlocked countries Rome No
100%
Capitals in landlocked countries Lisbon No
99%
Capitals of countries that begin with C Mogadishu No
97%
Capitals of countries that begin with C Nur-Sultan No
97%
Capitals of countries that begin with C Windhoek No
97%
Capitals in landlocked countries Kathmandu Yes
96%
Capitals of countries that begin with C Pristina No
96%
Capitals in landlocked countries Riga No
96%
Capitals of countries that begin with C Beijing Yes
95%
Capitals of countries that begin with C Caracas No
94%
Capitals of countries that begin with C Havana Yes
94%
Capitals of countries that begin with C Ottawa Yes
94%
Capitals of countries that border Afghanistan Thimphu No
94%
Capitals in landlocked countries Warsaw No
94%
Capitals of countries that begin with C Bogota Yes
93%
Capitals that are NOT the largest city in their country** Kiev No
93%
Capitals that are NOT the largest city in their country** London No
93%
Capitals that are NOT the largest city in their country** Paris No
93%
Capitals in landlocked countries Ulaanbaatar Yes
93%
Capitals of countries that border Afghanistan Kathmandu No
92%
Capitals of countries that begin with C Santiago Yes
92%
Capitals that are NOT the largest city in their country** Tokyo No
92%
Capitals that are NOT the largest city in their country** Ulaanbaatar No
92%
Capitals of countries that border Afghanistan Ankara No
91%
Capitals with an urban population greater than 7 million* Canberra No
91%
Capitals in landlocked countries Conakry No
91%
Capitals that are NOT the largest city in their country** Nairobi No
91%
Capitals in landlocked countries Prague Yes
91%
Capitals with an urban population greater than 7 million* Tokyo Yes
91%
Capitals of countries that border Afghanistan Ulaanbaatar No
91%
Capitals of countries that begin with C Zagreb Yes
91%
Capitals with an urban population greater than 7 million* Beijing Yes
90%
Capitals of countries that begin with C Prague Yes
90%
Capitals that are NOT the largest city in their country** Washington, D.C. Yes
90%
Capitals with an urban population greater than 7 million* Damascus No
89%
Capitals that are NOT the largest city in their country** Warsaw No
89%
Capitals of countries that begin with C Phnom Penh Yes
88%
Capitals of countries that border Afghanistan Islamabad Yes
87%
Capitals that are NOT the largest city in their country** Ottawa Yes
87%
Capitals that are NOT the largest city in their country** Ankara Yes
86%
Capitals that are NOT the largest city in their country** Brasilia Yes
86%
Capitals that are NOT the largest city in their country** Canberra Yes
86%
Capitals in landlocked countries Minsk Yes
86%
Capitals of countries that border Afghanistan Baku No
85%
Capitals with an urban population greater than 7 million* Cairo Yes
85%
Capitals with an urban population greater than 7 million* Seoul Yes
85%
Capitals in landlocked countries Kabul Yes
84%
Capitals with an urban population greater than 7 million* Jakarta Yes
83%
Capitals with an urban population greater than 7 million* Moscow Yes
83%
Capitals of countries that border Afghanistan Nur-Sultan No
83%
Capitals that are NOT the largest city in their country** Pretoria Yes
83%
Capitals of countries that begin with C San Jose Yes
82%
Capitals in landlocked countries Addis Ababa Yes
78%
Capitals of countries that border Afghanistan Baghdad No
78%
Capitals of countries that border Afghanistan Tehran Yes
78%
Capitals that are NOT the largest city in their country** Wellington Yes
78%
Capitals with an urban population greater than 7 million* Ankara No
75%
Capitals with an urban population greater than 7 million* Baghdad No
75%
Capitals that are NOT the largest city in their country** Beijing Yes
75%
Capitals that are NOT the largest city in their country** Islamabad Yes
75%
Capitals of countries that border Afghanistan Moscow No
75%
Capitals in landlocked countries N'Djamena Yes
74%
Capitals in landlocked countries Niamey Yes
73%
Capitals in landlocked countries Khartoum No
72%
Capitals of countries that begin with C N'Djamena Yes
72%
Capitals of countries that border Afghanistan New Delhi No
72%
Capitals of countries that begin with C Yaounde Yes
71%
Capitals of countries that border Afghanistan Bishkek No
70%
Capitals in landlocked countries Kinshasa No
70%
Capitals with an urban population greater than 7 million* Berlin No
68%
Capitals with an urban population greater than 7 million* Singapore No
64%
Capitals with an urban population greater than 7 million* Kinshasa Yes
62%
Capitals of countries that border Afghanistan Beijing Yes
61%
Capitals with an urban population greater than 7 million* Nairobi No
61%
Capitals of countries that border Afghanistan Ashgabat Yes
59%
Capitals with an urban population greater than 7 million* Tehran Yes
59%
Capitals of countries that border Afghanistan Dushanbe Yes
54%
Capitals of countries that border Afghanistan Tashkent Yes
51%
Capitals with an urban population greater than 7 million* Lima Yes
49%
No matching quizzes found
Score Distribution
Percent of People with Each Score
Percentile by Number Answered
Your Score History
You have not taken this quiz